[Event "SLO-ch U18"]
[Site "Slovenia"]
[Date "1994.??.??"]
[Round "?"]
[White "Jelen, Ales"]
[Black "Decman, T."]
[Result "1-0"]
[WhiteElo "1735"]
[BlackElo "1700"]
[PlyCount "95"]
[EventDate "1994.??.??"]
[EventType "swiss"]
[EventRounds "9"]
[EventCountry "SLO"]
[SourceTitle "EXT 1998"]
[Source "ChessBase"]
[SourceDate "1997.11.17"]
[SourceVersion "1"]
[SourceVersionDate "1997.11.17"]
[SourceQuality "1"]

1. e4 e5 2. Nf3 Qf6 3. d4 Nc6 4. Bg5 Qg6 5. dxe5 Nxe5 6. Nxe5 Qxg5 7. Qd5 Nh6 8. Nc3 c6 9. Nf3 Qf6 10. Qd2 Bb4 11. e5 Qe7 12. 0-0-0 0-0 13. Bd3 d5 14. exd6 Bxd6 15. Bxh7+ Kxh7 16. Qxd6 Qxd6 17. Rxd6 f6 18. h3 Bf5 19. Re1 Rf7 20. g4 Bg6 21. Red1 a6 22. Rd7 Rb8 23. Nh4 Rff8 24. Nxg6 Kxg6 25. Rc7 Rf7 26. Rdd7 Rxd7 27. Rxd7 Nf7 28. f4 Nh8 29. Ne4 f5 30. gxf5+ Kxf5 31. Nd6+ Ke6 32. Rxb7 Rf8 33. Ne4 Kd5 34. Nc3+ Kc5 35. Rxg7 Rxf4 36. Rg5+ Kb4 37. Rg4 Rxg4 38. hxg4 Kc5 39. Kd2 Kd4 40. a4 Ng6 41. Ne2+ Ke4 42. Kc3 Ne5 43. g5 Kf5 44. Kd4 Nd7 45. Kc4 Kxg5 46. Nd4 Nb6+ 47. Kb3 c5 48. Ne6+ 1-0